=LDR 00000nam 2200000 4500 =001 INLIS000000000005212 =005 20130612093451 =008 ***********************************Ind** =035 ##$$0010-061300000005212 =041 ##$$a Ind =082 ##$$a 92(Darwin) =090 ##$$a 92(Darwin), Par c =100 ##$$a PARKER, Steve =245 ##$$a Charles Darwin dan evolusi, Steve Parker; Alih Bahasa, Esther S. Mandjani =260 ##$$a 1998 $b Jakarta =300 ##$$a 30 hlm, ilus, 22 cm =650 ##$$a Charles Darwin =650 ##$$a Biografi =700 ##$$a MANDJANI, Esther S =850 ##$$a NBPNMAT